000 00335nam a2200145Ia 4500
003 OSt
005 20240319152017.0
008 170524s9999 xx 000 0 und d
020 _a9353164818
040 _cIIMTU
100 _aCHARY- SN
245 0 _aProduction and Operation Management
260 _bTATA MCGRAW HILL
942 _2ddc
_c02
999 _c8563
_d8563